Poľná odolnosť vybraných kultivarov lucerny siatej proti antraknóze

Bibliographic Details
Main Author: Vančo, P. (Author)
Format: Article
Language:Slovak
PhysicalDescription:Tb. 3. Res. angl., rus., lit. 14 zázn. v slov., češ., ruš., angl. franc., nem.
Subjects:

MARC

LEADER 00000nab a2200000 a 4500
001 vtls000321284
003 SK-MaSNL
005 20260304235709.0
008 160204c1987 xo 0 slo
015 |a SNBRA19rr/mm-uuuuu 
035 |a CL0321406 
040 |a SNKBUCL  |b slo  |c SNKBUCL  |e AACR2 
041 0 |a slo 
044 |a xo  |c SK 
080 |a 632.4:633.31:631.526  |2 1981 
080 |a 633.31  |2 1981 
080 |a 631.526  |2 1981 
080 |a 632.4  |2 1981 
100 1 |a Vančo, P.  |4 aut  |9 1573500 
245 1 0 |a Poľná odolnosť vybraných kultivarov lucerny siatej proti antraknóze  |c P. Vančo 
300 |b Tb. 3. Res. angl., rus., lit. 14 zázn. v slov., češ., ruš., angl. franc., nem. 
650 0 7 |a hubové choroby rastlín  |2 snkbucl  |9 57801 
650 0 7 |a lucerna siata  |2 snkbucl  |9 52005 
655 7 |a články zo zborníkov  |2 snkbucl  |9 166140 
773 0 |t Vedecké práce Výskumného ústavu rastlinnej výroby v Piešťanoch 21. Krmoviny  |d Bratislava : Príroda, 1987  |g S. 59-70 
850 |a Slovenská národná knižnica v Martine  |a MTA001 
852 |a SNK  |b KIS3GCP 
958 |a NB 
958 |a RK 
992 |a RZB 
999 |c 3210039  |d 3211969